| 000 | 01604cam a22002654a 4500 | ||
|---|---|---|---|
| 999 |
_c129093 _d129093 |
||
| 001 | 16278428 | ||
| 003 | ARRUPE | ||
| 005 | 20190222094552.0 | ||
| 008 | 100611s2011 miu b 001 0 eng | ||
| 010 | _a 2010024316 | ||
| 020 | _a9780801031410 (pbk.) | ||
| 040 |
_aDLC _cDLC |
||
| 050 | 0 | 0 |
_aBV2073 _b.G58 2011 |
| 082 | 0 | 0 |
_a262/.7 _222 |
| 100 | 1 |
_aGoheen, Michael W., _d1955- _943658 |
|
| 245 | 1 | 2 |
_aA light to the nations : _bthe missional church and the biblical story / _cMichael W. Goheen. |
| 260 |
_aGrand Rapids, MI : _bBaker Academic, _cc2011. |
||
| 300 |
_axiii, 242 p. ; _c24 cm. |
||
| 504 | _aIncludes bibliographical references (p. 227-228) and indexes. | ||
| 505 | 0 | _aThe church's identity and role : whose story? which images? -- God forms Israel as a missional people -- Israel embodies its missional role and identity amid the nations -- Jesus gathers an eschatological people to take up their missional calling -- The death and resurrection of Jesus and the church's missional identity -- The missional church in the New Testament story -- New Testament images of the missional church -- The missional church in the biblical story : a summary -- What might this look like today? | |
| 650 | 0 |
_aMission of the church. _92929 |
|
| 650 | 0 |
_aMission of the church _xBiblical teaching. _944860 |
|
| 906 |
_a7 _bcbc _corignew _d1 _eecip _f20 _gy-gencatlg |
||
| 942 |
_2lcc _cMONOGRAPH |
||